| 000 | 00608nam a2200193Ia 4500 | ||
|---|---|---|---|
| 003 | GCL | ||
| 008 | 140319s9999 xx 000 0 ara d | ||
| 040 |
_aGCL / _cGCL |
||
| 082 | 0 | 4 |
_a922.1 _bص ر |
| 100 | 1 | _aصفى الدين ابن ابى المنصور | |
| 245 | 1 | 0 |
_aرسالة صفى الدين بن ابى المنصور / _cصفى الدين ابن ابى المنصور |
| 700 | 1 | _aجريل، دينى | |
| 300 | _a"116 ; 257" | ||
| 490 |
_a100 قصة _v0 |
||
| 650 | 0 | 4 | _aالاسلام |
| 650 | 0 | 4 | _aالاسلام - تراجم |
| 650 | 0 | 4 | _aالائمة والاولياء |
| 942 |
_2ddc _cBK |
||
| 999 |
_c43549 _d43549 |
||